Flags of Russian Cities - Statistics

General Stats
  • This quiz has been taken 16 times
  • The average score is 8 of 20
Answer Stats
Picture Answer % Correct
Moscow
93%
Samara
93%
Saint Petersburg
79%
Chelyabinsk
57%
Nizhny Novgorod
57%
Kazan
43%
Voronezh
43%
Novosibirsk
36%
Omsk
36%
Ufa
36%
Vladivostok
36%
Rostov-Na-Donu
29%
Krasnodar
21%
Makhachkala
21%
Saratov
21%
Yekaterinburg
21%
Barnaul
14%
Tolyatti
7%
Tyumen
7%
Volgograd
0%
No matching quizzes found
Score Distribution
Percent of People with Each Score
Percentile by Number Answered
Your Score History
You have not taken this quiz